000 00530nam a22001577a 4500
082 _aT-139
100 _aAnsar Iqbal, Major
_948483
245 _aLoad transfer from high strength concrete edge columns through ordinary strength concrete slabs
_cAnsar Iqbal, Major
260 _aRisalpur
_bMCE
_c2003
300 _a77 P, :
526 _a0
_b0
_c0
_dT_139
650 _aMaster of Science in Civil Engineering (Structures)
_948484
650 _aThesis
_934811
700 _aLieutenant Colonel Dr Gulfam Alam
_948485
942 _2ddc
_cBK
999 _c551419
_d551419